Quizzes
Events
Quiz Creation
Community
Videos
Private Events
Remove Ads
Sign In
Join for FREE
Feedback
Dark Mode
Quiz Categories
Sports
Geography
Music
Movies
Television
Just For Fun
Miscellaneous
History
Literature
Language
Science
Gaming
Entertainment
Religion
Holiday
For Kids
Quiz Lab
Recent
Popular Today
Quiz Kudos Today
Editor Picks
Curator Picks
Quizzes by...
Day
Popularity
Type
Ratings
Length
Year
Community
Subscriptions
Recent Discussions
Orange Saloon
Badges
Playlists
Quests
Create
Leaderboards
Showdown
Live 5
Trivia Bingo
Activity
Puzzle Library
Sporcle Events
Private Events
Virtual Trivia
Globe League
Become a Host
Pub Owners
SporcleCon
Opinionation
Our Games
Videos
Blog
Mobile Apps
Partnerships
Remove Ads and Go Orange
Feedback
Miscellaneous
Crossword
General Knowledge
Baby Names
Logo
Food
Cars
Numbers
Grab Bag
University
College
Popular
Company
Slogans
Restaurants
Justice
Letter
Miscellaneous
Crossword
General Knowledge
Baby Names
Logo
Food
Cars
Numbers
Grab Bag
University
College
Popular
Company
Slogans
Restaurants
Justice
Letter
Random Quiz
Search Sporcle
×
Quiz Lab
Quiz Lab
Miscellaneous
Definition
Type in answers that appear in a list
Type in answers that appear in a list
Classic
Best Score? Go Orange.
Journalism Terms Stats
Can you name the Journalism Terms?
By
ajenigar
8m
30 Questions
171 Plays
171 Plays
171 Plays
Comments
Comments
Give Quiz Kudos
Give Quiz Kudos
-
- Ratings
hide this ad
Forced Order
Answers have to be entered in order
Answers have to be entered in order
Random Order
Randomize order of answers
Randomize order of answers
Replay
Link that replays current quiz
Next Quiz
Link to next quiz in quiz playlist
You Got
0%
They Got
Avg Score
32%
Avg Friend Score
Upgrade to see
Score Distribution
Jump to the score distribution portion of the page
Score
0/30
Timer
08:00
0
Plays Today
Definition
Term
% Correct
plural of medium
media
65.5%
a death notice or announcement
obituary
64.9%
a line at the head of an article carrying the writer's name
byline
62.6%
when a writer takes credit for a piece of writing copied from someone else
plagiarism
59.6%
a short explanation or description accompanying an illustration or a photograph
caption
59.6%
a prejudice that prevents a person from being impartial or influences in an unfair way
bias
59.1%
a false publication damaging a person's reputation
libel
58.5%
a type of story regularly covered by a reporter
beat
49.1%
motivation based on ideas of right and wrong; the philosophical study of morals
ethics
48.5%
piece of writing or person who supplies information
source
46.8%
a particular job or story given to a reporter
assignment
39.8%
exclusive story obtained by a reporter
scoop
38.6%
the page usually opposite the editorial page featuring signed articles expressing personal viewpoints
op-ed
35.7%
secret information not for publication
off-the-record
33.3%
term for early 19th-
century newspapers that cost one cent
penny press
25.7%
Definition
Term
% Correct
a headline spanning the width of a newspaper page
banner
25.7%
a publication's distribution number and range
circulation
25.7%
the title as it appears across the first page, front cover, or title page
masthead
20.5%
written material that is set in type
copy
19.9%
a trial sheet of printed material that is made to be checked and corrected
proof
19.3%
style of writing dependent on shock value or emotional impact
yellow journalism
18.7%
a method for delivering news and information to the public
medium
18.1%
news and comments reported by nonprofessional journalists
citizen journalism
17.5%
a publication designed for employees in a specific trade
trade magazine
12.9%
the main news story on the front page
splash
11.7%
the ability of the computer to bring differing forms of media together
convergence
10.5%
to make known
break
10.5%
situation or activity suited to particular interests or personalities
niche
9.9%
the quality, capability, or power to bring about belief
credibility
9.4%
publication targeted for certain audiences or interests
consumer magazine
5.8%
Quiz Playlist
Details
Report
Send in Message
Add To Playlist
Classic:
Type in answers that appear in a list
Forced Order:
Answers have to be entered in order
Random Order:
Randomize order of answers
Last Updated: Feb 16, 2017
Quiz Scoreboard
CHALLENGE
Sign Up to Join the Scoreboard
Show All
Scores
Hide
Comments
May contain spoilers
Recently Published
College Basketball Coaching Resumes
by pancakes188
Sports
9m
Billboard Blitz: Fleetwood Mac
by CooCooCachoo
Music
15s
Presidents Visiting Landmarks
by Hejman
History
7m
More to Explore
Quiz From the Vault
Featured Blog Post
Where Did the Easter Bunny Come From?
hide this ad
You Might Also Like...
Tags
Definition Quiz
Journalism
Term
Today's Top Quizzes in Miscellaneous
Browse Miscellaneous
hide this ad
Today's Top Quizzes in Definition
Browse Definition
Top Contributed Quizzes in Miscellaneous
1
5-to-1: Fast Food
2
The JOE quick-fire general knowledge quiz: Day 174
3
The JOE quick-fire general knowledge quiz: Day 173
4
5-to-1: Cocktails
5
The JOE quick-fire general knowledge quiz: Day 172
6
Sunday Crossword: Famous Bodies of Water
7
The JOE quick-fire general knowledge quiz: Day 171
8
One Thing in Common: United Kingdom II
9
Named After an Animal - Odd One Out!
10
The JOE quick-fire quiz: Day 170
Explore More
Trending Topics
Marvel
Harry Potter
NBA
Crossword
Anime
Disney
Kpop
Puzzle
Soccer
WWE
Pokémon
Song
NFL
Country
The Office
hide this ad
More By:
ajenigar
Quiz
Plays
Rating
Category
Featured
Created
Literary Devices in Poetry
1,314
4.00
Language
Feb 28, 2014
Journalism Terms
171
3.00
Miscellaneous
Feb 14, 2014
Go to Creator's Profile
Score Distribution
Quiz Creator Spotlight
ajenigar
Follow
Send a Message
Quizzes Created
-
Created Quiz Play Count
-
More By This Creator
Popular Quizzes Today
1
Find the US States - No Outlines Minefield
2
Find the Countries of Europe - No Outlines Minefield
3
The Countries of the World
4
Find the US States
5
Risky Map Clicking: Biggest States A-Z
6
US States
7
Popular People in 1961
8
Movies - When Are They Set?
More Miscellaneous Quizzes
Sunday Crossword: Can You Solve This Now?
Published
Trending Quizzes
Risky Map Clicking: Least Populous States A-Z
1-10 Letter G Words
1-10 Letter F Words
Risky Map Clicking: Next State Alphabetically
Risky Map Clicking: Biggest States A-Z
Recently Updated
Leaping Animals
pecheneg
Reality TV Shows (A-Z)
bhenderson79
Rickey Henderson's Hall of Fame Teammates
pecheneg
Champions League XIs: Arsenal
pecheneg
Quick Pick: Celebrities in WWE's Hall of Fame
aduchscher
A-Z Keypad Blitz II
pecheneg
Multiple Oscar Actors
pecheneg
Mystery Phrase Blitz: Oscar 'Best Actors'
pecheneg
F. Scott Fitzgerald Novels
LTH
Pick 3 Villains
ddd62291
Trending Topics
Anime
Marvel
Disney
NBA
Crossword
Kpop
Harry Potter
Pokémon
Soccer
WWE
NFL
The Office
Song
Puzzle
Country
Your Account Isn't Verified!
In order to create a playlist on Sporcle, you need to verify the email address you used during registration. Go to your
Sporcle Settings
to finish the process.
Report this User
Report this user for behavior that violates our
Community Guidelines
.
Details:
Send Report
Go to the Sporcle.com Mobile Site →
Comments